Open Data Biblioteca Nacional de Portugal


República Portuguesa: Ministério da Cultura
Biblioteca Nacional de Portugal

Catálogo da BNP: acesso por Identificadores Unívocos
Registos Bibliográficos associados ao registo de autoridade

Etiqueta de registo: 00269ncm 2200145 450
001 1910126
003 http://id.bnportugal.gov.pt/bib/catbnp/1910126
071 21 $aT. 127 T.
071 21 $a390
071 21 $aR. 204 G.
100 ## $a20150916f1891 k y0pory01030103ba
101 0# $aspa
102 ## $aES
128 ## $azz$cka
200 1# $aSevillana$bMúsica impressa]$fFrancisco Domingo, op. 13
210 #9 $aBarcelona$cde la Sra Viuda de Trilla y Torres$d [ 1891]
215 ## $aPartitura (pag. var. [16] )$d34 cm
225 2# $aAlbum de la ilustracion musical$vA. 4, n.º 84-87, 1ª secção
301 ## $aN.º de chapa: T. 127 T., 390, R. 204 G.
317 ## $aProv. IPPC. Fundo do Conde de Redondo$5PTBN: F.C.R. 220 A.
327 1# $aPolka mazurka de La Redoma Encantada / música del Maestro Juan Goula. N.º de chapa: 390$aPavana para piano / por J. Garcia Robles. Título de página inteira, ornamentada, como se fosse uma página de rosto. N.º de chapa: R. 204 G.
461 #1 $tAlbum de ilustración musical$cBarcelona$vA. 4, n.º 84-87, 1ª sección ([1891])
500 10 $aSevilhanas,$rpf,$sop. 13
606 ## $aDanças (Música)$j[Música impressa]$2SIPOR$3947782
606 ## $aMúsica para piano$zSéc. 19-20$j[Música impressa]$2SIPOR$31313660
675 ## $a78.085.7(=1:460)$vBN$zpor$31306442
675 ## $a786.2$vBN$zpor$3295835
675 ## $a78.089.6$vBN$zpor$3536969
700 #1 $aDomingo,$bFrancisco,$ffl. 1891$31620537
702 #1 $aGoula,$bJuan,$f1843-1917$31620538
702 #1 $aGarcia Robles,$bJosep,$f1835-1910$31620539
712 02 $aViuda de Trilla y Torres$4650$31615737
712 01 $aPortugal.$bInstituto Português do Património Cultural.$bDepartamento de Musicologia$4390$3285717
801 #0 $aPT$bBN$gRPC
856 40 $uhttps://purl.pt/46564
856 41 $uhttps://purl.pt/46564/service/media/cover/low
856 49 $uhttps://purl.pt/46564/service/media/pdf$qapplication/pdf
958 ## $aBND$bLivre$cDigitalizado$d1$ehttps://purl.pt/46564/service/media/cover/max
966 ## $lBN$mMUSICA$sF.C.R. 220 A. $x6
995 ## $aPRR2022 $d20231115$idfontes$zBND

Etiqueta de registo: 00269ncm 2200145 450
001 1910178
003 http://id.bnportugal.gov.pt/bib/catbnp/1910178
071 01 $a381
071 01 $a382
071 01 $a128
071 01 $a129
100 ## $a20150916f1891 k y0pory01030103ba
101 0# $aspa
102 ## $aES
200 1# $a El beso$bMúsica impressa]$ebaile pastoril del 2º acto de La redoma encantada$fmúsica del maestro D. Juan Goula
210 #9 $aBarcelona$cViuda de Trilla y Torres$d [ 1891]
215 ## $aPartitura (pag. var.)$d34 cm
225 2# $aAlbum de la ilustracion musical$vA. 4, n.º 86-89, 1ª secção
301 ## $aN.º de chapa: 381, 382, 128, 129
317 ## $aProv. IPPC. Fundo do Conde de Redondo$5PTBN: F.C.R. 221 A.
327 1# $aVals de los pajaros: en el acto 4º de La redoma encantada / música del maestro D. Juan Goula. N.º de chapa: 382$aMarcha funebre: para piano a 4 manos / Francisco Domingo, op. 12. N.º de chapa: 128$aLa Marseillaise: chant national français / paroles et musique de Rouget de Lisle. N.º de chapa: 129
461 #1 $tAlbum de ilustración musical$cBarcelona$vA. 4, n.º 86-89, 1ª sección ([1891])
606 ## $aMúsica para piano$zSéc. 19-20$j[Música impressa]$2SIPOR$31313660
606 ## $aMúsica para canto e piano$zSéc. 19-20$j[Música impressa]$2SIPOR$31152548
675 ## $a786.2$vBN$zpor$3295835
675 ## $a784:786.2$vBN$zpor$3519118
675 ## $a78.089.6$vBN$zpor$3536969
700 #1 $aGoula,$bJuan,$f1843-1917$31620538
702 #1 $aDomingo,$bFrancisco,$ffl. 1891$31620537
702 #1 $aRouget de Lisle,$bClaude-Joseph,$f1760-1836$3111328
712 02 $aViuda de Trilla y Torres$4650$31615737
712 01 $aPortugal.$bInstituto Português do Património Cultural.$bDepartamento de Musicologia$4390$3285717
801 #0 $aPT$bBN$gRPC
856 40 $uhttps://purl.pt/46562
856 41 $uhttps://purl.pt/46562/service/media/cover/low
856 49 $uhttps://purl.pt/46562/service/media/pdf$qapplication/pdf
958 ## $aBND$bLivre$cDigitalizado$d1$ehttps://purl.pt/46562/service/media/cover/max
966 ## $lBN$mMUSICA$sF.C.R. 221 A. $x6
995 ## $aPRR2022 $d20231115$idfontes$zBND

Etiqueta de registo: 00000ndm 2200025
001 2263238
003 http://id.bnportugal.gov.pt/bib/catbnp/2263238
100 ## $a20260209f18701950k y0pory01030103ba
101 0# $apor
102 ## $a
106 ## $ah
200 1# $a La Redoma encantada$bMúsica manuscrita]$eBaile pastoril$fMusica de D. Juan Goula
210 #1 $d[Entre 1870 e 1950]
215 ## $a1 partitura (7 p.)$d24 x 31 cm
300 ## $aMesma obra em VPF 2949
317 ## $aColeção Valério Peres Franco
500 11 $aPeças,$r2vl, vla, vlc, cb, pf
675 ## $a78.089.6$vBN$zpor$3536969
700 #1 $aGoula,$bJuan,$f1843-1917$31620538
801 #0 $aPT$bBN$gRPC
966 ## $lBN$mMUSICA$sVPF 2950$x7
971 ## $cCatmusica3$d20260209
995 ## $aPRR2026 $d20260209$iCatmusica3

Etiqueta de registo: 00000ndm 2200025
001 2263214
003 http://id.bnportugal.gov.pt/bib/catbnp/2263214
100 ## $a20260209f18701925k y0pory01030103ba
101 0# $apor
102 ## $a
106 ## $ah
200 1# $a La Redoma encantada$bMúsica manuscrita]$eBaile pastoril$fMusica de D. Juan Goula
210 #1 $d[Entre 1870 e 1925]
215 ## $a6 partes$d31 x 24 cm
300 ## $aMesma obra em VPF 2950
317 ## $a"F. F. Gazul - P. C. R. L." (carimbo)
317 ## $aColeção Valério Peres Franco
500 11 $aPeças,$r2vl, vla, vlc, cb, pf
675 ## $a78.089.6$vBN$zpor$3536969
700 #1 $aGoula,$bJuan,$f1843-1917$31620538
702 #1 $aGazul,$bFrancisco de Freitas,$f1842-1925$4390$332058
801 #0 $aPT$bBN$gRPC
966 ## $lBN$mMUSICA$sVPF 2949$x7
971 ## $cCatmusica3$d20260209
995 ## $aPRR2026 $d20260209$iCatmusica3

Etiqueta de registo: 00000ndm 2200025
001 2264405
003 http://id.bnportugal.gov.pt/bib/catbnp/2264405
100 ## $a20260210f1900 k y0pory01030103ba
101 0# $aspa$apor
102 ## $aPT
106 ## $ah
200 1# $aValse de los Pajaros$bMúsica manuscrita]$fMusica de D. Juan Goula
210 #1 $dSetembro de 1900
215 ## $a6 partes$d26 x 31 cm
317 ## $a"F. F. Gazul F.C.R.L." (carimbo)
317 ## $aColeção Valério Peres Franco
500 11 $aValsas,$r2vl, vla, vlc, cb, pf
675 ## $a78.089.6$vBN$zpor$3536969
700 #1 $aGoula,$bJuan,$f1843-1917$31620538
702 #1 $aGazul,$bFrancisco de Freitas,$f1842-1925$4390$332058
801 #0 $aPT$bBN$gRPC
966 ## $lBN$mMUSICA$sVPF 3277$x7
971 ## $cCatmusica3$d20260210
995 ## $aPRR2026 $d20260210$iCatmusica3

Etiqueta de registo: 00000nam 2200025
001 2289483
003 http://id.bnportugal.gov.pt/bib/catbnp/2289483
100 ## $a20260702d1896 m y0pory01030103ba
101 1# $apor
102 ## $aPT
105 ## $ay z 000yy
106 ## $ar
200 1# $aQuinto e ultimo concerto para despedida do ilustre violinista Pablo Sarasate em que toma tambem parte a orchestra do Theatro, sob a direcção do maestro J. Goula, acompanhador ao piano o professor A. Rey Colaço$eReal Theatro de S. Carlos, segunda feira, 16 de Março de 1896
210 #9 $aLisboa$cLambertini,$d1896
215 ## $a20 p.$d15 cm
225 2# $aFolheto programma$v6
317 ## $aConservatório Nacional$5PTBN: C.N. 923 P.
601 01 $aPortugal.$bReal Teatro de São Carlos$xEspectáculos musicais$x[Programas]$2SIPOR$31047759
606 ## $aEspectáculos musicais$x[Programas]$2SIPOR$3542303
675 ## $a78(049)$vBN$zpor$31321291
702 #1 $aSarasate,$bPablo de,$f1844-1908$4545$3138244
702 #1 $aGoula,$bJuan,$f1843-1917$4250$31620538
702 #1 $aColaço,$bAlexandre Rey,$f1854-1928$4545$3105796
712 02 $aLambertini$c(editores de música)$4650$31278094
712 01 $aPortugal.$bConservatório Nacional.$bEscola de Música$4390$31172174
801 #0 $aPT$bBN$gRPC
966 ## $lBN$mMUSICA$pConservatório Nacional$sC.N. 923 P. $x7
971 ## $cjamaral$d20260702
997 ## $aBIBEOD

Etiqueta de registo: 00000nam 2200025
001 2289482
003 http://id.bnportugal.gov.pt/bib/catbnp/2289482
100 ## $a20260702d1896 m y0pory01030103ba
101 1# $apor
102 ## $aPT
105 ## $ac z 000yy
106 ## $ar
200 1# $aQuarto concerto em que tomam parte o insigne violinista Pablo Sarasate e a orchestra do Theatro, sob a direcção do maestro J. Goula, acompanhador ao piano o professor A. Rey Colaço$eReal Theatro de S. Carlos, terça feira, 10 de Março de 1896
210 #9 $aLisboa$cLambertini,$d1896
215 ## $a20 p.$cil.$d15 cm
225 2# $aFolheto programma$v5
307 ## $aRetrato de Pablo Sarasate
317 ## $aConservatório Nacional$5PTBN: C.N. 922 P.
601 01 $aPortugal.$bReal Teatro de São Carlos$xEspectáculos musicais$x[Programas]$2SIPOR$31047759
606 ## $aEspectáculos musicais$x[Programas]$2SIPOR$3542303
675 ## $a78(049)$vBN$zpor$31321291
702 #1 $aSarasate,$bPablo de,$f1844-1908$4545$3138244
702 #1 $aGoula,$bJuan,$f1843-1917$4250$31620538
702 #1 $aColaço,$bAlexandre Rey,$f1854-1928$4545$3105796
712 02 $aLambertini$c(editores de música)$4650$31278094
712 01 $aPortugal.$bConservatório Nacional.$bEscola de Música$4390$31172174
801 #0 $aPT$bBN$gRPC
966 ## $lBN$mMUSICA$pConservatório Nacional$sC.N. 922 P. $x7
971 ## $cjamaral$d20260702
997 ## $aBIBEOD

Etiqueta de registo: 00000nam 2200025
001 2289481
003 http://id.bnportugal.gov.pt/bib/catbnp/2289481
100 ## $a20260702d1896 m y0pory01030103ba
101 1# $apor
102 ## $aPT
105 ## $ac z 000yy
106 ## $ar
200 1# $aTerceiro concerto em que tomam parte os insignes concertistas Pablo Sarasate e Berthe Marx-Goldschmidt e a orchestra do Theatro, sob a direcção do maestro J. Goula$eReal Theatro de S. Carlos, sexta feira, 6 de Março de 1896
210 #9 $aLisboa$cLambertini,$d1896
215 ## $a16 p.$cil.$d15 cm
225 2# $aFolheto programma$v4
307 ## $aRetrato de Juan Goula
317 ## $aConservatório Nacional$5PTBN: C.N. 921 P.
601 01 $aPortugal.$bReal Teatro de São Carlos$xEspectáculos musicais$x[Programas]$2SIPOR$31047759
606 ## $aEspectáculos musicais$x[Programas]$2SIPOR$3542303
675 ## $a78(049)$vBN$zpor$31321291
702 #1 $aSarasate,$bPablo de,$f1844-1908$4545$3138244
702 #1 $aMarx-Goldschmidt,$bBerthe,$f1859-1925$4545$31370964
702 #1 $aGoula,$bJuan,$f1843-1917$4250$31620538
712 02 $aLambertini$c(editores de música)$4650$31278094
712 01 $aPortugal.$bConservatório Nacional.$bEscola de Música$4390$31172174
801 #0 $aPT$bBN$gRPC
966 ## $lBN$mMUSICA$pConservatório Nacional$sC.N. 921 P. $x7
971 ## $cjamaral$d20260702
997 ## $aBIBEOD

Etiqueta de registo: 00000nam 2200025
001 2289475
003 http://id.bnportugal.gov.pt/bib/catbnp/2289475
100 ## $a20260702d1896 m y0pory01030103ba
101 1# $apor
102 ## $aPT
105 ## $ac z 000yy
106 ## $ar
200 1# $aSegundo concerto em que tomam parte os insignes concertistas Pablo Sarasate e Berthe Marx-Goldschmidt e a orchestra do Theatro, sob a direcção do maestro J. Goula$eReal Theatro de S. Carlos, segunda feira, 2 de Março de 1896
210 #9 $aLisboa$cLambertini,$d1896
215 ## $a24 p.$cil.$d15 cm
225 2# $aFolheto programma$v3
307 ## $aRetrato de Berthe Marx-Goldschmidt
317 ## $aConservatório Nacional$5PTBN: C.N. 920 P.
601 01 $aPortugal.$bReal Teatro de São Carlos$xEspectáculos musicais$x[Programas]$2SIPOR$31047759
606 ## $aEspectáculos musicais$x[Programas]$2SIPOR$3542303
675 ## $a78(049)$vBN$zpor$31321291
702 #1 $aSarasate,$bPablo de,$f1844-1908$4545$3138244
702 #1 $aMarx-Goldschmidt,$bBerthe,$f1859-1925$4545$31370964
702 #1 $aGoula,$bJuan,$f1843-1917$4250$31620538
712 02 $aLambertini$c(editores de música)$4650$31278094
712 01 $aPortugal.$bConservatório Nacional.$bEscola de Música$4390$31172174
801 #0 $aPT$bBN$gRPC
966 ## $lBN$mMUSICA$pConservatório Nacional$sC.N. 920 P. $x7
971 ## $cjamaral$d20260702
997 ## $aBIBEOD

Etiqueta de registo: 00000nam 2200025
001 2289469
003 http://id.bnportugal.gov.pt/bib/catbnp/2289469
100 ## $a20260702d1896 m y0pory01030103ba
101 1# $apor
102 ## $aPT
105 ## $ac z 000yy
106 ## $ar
200 1# $aGrande concerto em que tomam parte os insignes concertistas Pablo Sarasate e Berthe Marx-Goldschmidt e a orchestra do Theatro, sob a direcção do maestro J. Goula$eReal Theatro de S. Carlos, sexta feira, 28 de Fevereiro de 1896
210 #9 $aLisboa$cLambertini,$d1896
215 ## $a32 p.$cil.$d15 cm
225 2# $aFolheto programma$v2
307 ## $aRetrato de Pablo Sarasate
317 ## $aConservatório Nacional$5PTBN: C.N. 919 P.
601 01 $aPortugal.$bReal Teatro de São Carlos$xEspectáculos musicais$x[Programas]$2SIPOR$31047759
606 ## $aEspectáculos musicais$x[Programas]$2SIPOR$3542303
675 ## $a78(049)$vBN$zpor$31321291
702 #1 $aSarasate,$bPablo de,$f1844-1908$4545$3138244
702 #1 $aMarx-Goldschmidt,$bBerthe,$f1859-1925$4545$31370964
702 #1 $aGoula,$bJuan,$f1843-1917$4250$31620538
712 02 $aLambertini$c(editores de música)$4650$31278094
712 01 $aPortugal.$bConservatório Nacional.$bEscola de Música$4390$31172174
801 #0 $aPT$bBN$gRPC
966 ## $lBN$mMUSICA$pConservatório Nacional$sC.N. 919 P. $x7
971 ## $cjamaral$d20260702
997 ## $aBIBEOD

OpendataBNP@bnportugal.pt | Mais informação sobre acesso aos dados BNP